000 00246nam a22001217a 4500
040 _cSK
082 _a639
100 _aTAIVO LAEVASTU
245 _aFisheries oceanography and ecology
260 _aUSA
_bTAI
_c1981
300 _a199p.
942 _cEK
999 _c9667
_d9667